| 000 | 00794nam a2200217Ia 4500 | ||
|---|---|---|---|
| 003 | GCL | ||
| 008 | 140319s9999 xx 000 0 ara d | ||
| 040 |
_aGCL / _cGCL |
||
| 082 | 0 | 4 |
_a907.2 _bا م |
| 100 | 1 | _aعبدالرازق الحليوى | |
| 245 | 1 | 0 |
_aالمؤرخون التونسيون فى القرون 17_18 _19م : رسالة فى تاريخ الثقافة / _cعبدالرازق الحليوى |
| 700 | 1 | _aاحمد عبدالسلام | |
| 260 |
_a[S.N] : _bالمجمع التونسى للعلوم والاداب والفنون ، _c1993 |
||
| 300 | _a602 | ||
| 490 |
_aالترجمة - تاريخ _v0 |
||
| 650 | 0 | 4 | _aتونس |
| 650 | 0 | 4 | _aالتاريخ الاسلامى |
| 650 | 0 | 4 | _aالثقافة |
| 650 | 0 | 4 | _aالمؤرخون التونسيون |
| 942 |
_2ddc _cBK |
||
| 999 |
_c35219 _d35219 |
||